[Event "2. Bundesliga West 2009/20010"]
[Site "Salzburg"]
[Date "2010.03.14"]
[Round "11"]
[Board "2"]
[White "Klocker, Benedikt"]
[Black "Juergens, Klaus"]
[Result "1-0"]
[WhiteElo "2143"]
[BlackElo "2162"]
[PlyCount "95"]
[EventDate "2009.10.23"]
[EventType "team"]
[EventRounds "11"]
[EventCountry "AUT"]
[WhiteTeam "Dornbirn"]
[BlackTeam "ASK Salzburg"]

1.e4 c5 2.Nf3 Nc6 3.d4 cxd4 4.Nxd4 Nf6 5.Nc3 d6 6.Bg5 Bd7 7.Qd2 Rc8 8.O-O-O Nxd4
9.Qxd4 Qa5 10.h4 h6 11.Be3 a6 12.f3 e5 13.Qd2 Be6 14.a3 Be7 15.Kb1 Rc6 16.g4 Bd8
17.Nd5 Bxd5 18.exd5 Qxd2 19.Rxd2 Rc8 20.Bh3 Rb8 21.g5 Nd7 22.f4 hxg5 23.hxg5 Ke7
24.fxe5 Nxe5 25.Bf4 Rh4 26.Bg3 Rh5 27.Re2 Bc7 28.Bg2 Rxh1+ 29.Bxh1 Rh8 30.Bg2 f6
31.c4 Rh5 32.gxf6+ gxf6 33.Bf2 f5 34.c5 Kf6 35.b4 f4 36.Bd4 Rg5 37.Be4 Rg3
38.Kb2 Kg5 39.Bxe5 dxe5 40.d6 Bd8 41.Bxb7 Bf6 42.Be4 f3 43.Rc2 Kf4 44.c6 Kxe4
45.c7 Kd3 46.c8=Q e4+ 47.Kb3 Rg2 48.Rxg2

[Event "2. Bundesliga West 2009/20010"]
[Site "Salzburg"]
[Date "2010.03.14"]
[Round "11"]
[Board "3"]
[White "Loeffler, Christoph"]
[Black "Novkovic, Julia"]
[Result "0-1"]
[WhiteElo "2163"]
[BlackElo "2116"]
[PlyCount "80"]
[EventDate "2009.10.23"]
[EventType "team"]
[EventRounds "11"]
[EventCountry "AUT"]
[WhiteTeam "ASK Salzburg"]
[BlackTeam "Dornbirn"]

1.e4 c5 2.Nc3 e6 3.f4 Ne7 4.Nf3 Nbc6 5.d3 d5 6.e5 b5 7.g3 Rb8 8.Bh3 Nf5 9.O-O h5
10.Ne2 d4 11.Ng5 Nce7 12.Ne4 Nd5 13.Rf2 Nde3 14.Bxe3 Nxe3 15.Qd2 Be7 16.c3 Nf5
17.Rc1 Bb7 18.Bg2 O-O 19.Bf3 g6 20.h3 Kg7 21.g4 hxg4 22.hxg4 Ne3 23.b4 Bxe4
24.Bxe4 Nxg4 25.Rg2 Ne3 26.Rh2 Ng4 27.Rg2 dxc3 28.Rxc3 cxb4 29.Rc6 Rb6 30.Rc1
Nh6 31.d4 Rh8 32.Ng3 Ng4 33.Bf3 Rh4 34.d5 exd5 35.f5 Nxe5 36.Bxd5 Bg5 37.f6+
Qxf6 38.Nf5+ Qxf5 39.Rxg5 Rg4+ 40.Rxg4 Qxg4+

[Event "2. Bundesliga West 2009/20010"]
[Site "Salzburg"]
[Date "2010.03.14"]
[Round "11"]
[Board "4"]
[White "Karrer, Damian"]
[Black "Scheiblmaier, Robert"]
[Result "1/2-1/2"]
[WhiteElo "2159"]
[BlackElo "2095"]
[PlyCount "117"]
[EventDate "2009.10.23"]
[EventType "team"]
[EventRounds "11"]
[EventCountry "AUT"]
[WhiteTeam "Dornbirn"]
[BlackTeam "ASK Salzburg"]

1.e4 e6 2.d4 d5 3.Nc3 Bb4 4.e5 c5 5.a3 Bxc3+ 6.bxc3 Ne7 7.Qg4 Qc7 8.Qxg7 Rg8
9.Qxh7 cxd4 10.Ne2 Nbc6 11.f4 Bd7 12.Qd3 dxc3 13.Nxc3 a6 14.Ne2 Nf5 15.h3 O-O-O
16.g4 Nh4 17.Bd2 Qb6 18.Qb3 Qxb3 19.cxb3 Nf3+ 20.Kd1 Ncd4 21.Rc1+ Kb8 22.Rc3 Rc8
23.Nxd4 Nxd4 24.Bd3 Rxc3 25.Bxc3 Nxb3 26.g5 Rc8 27.Bb2 Nc5 28.Bb1 d4 29.Bxd4 Bc6
30.Rh2 Bf3+ 31.Kd2 Bh5 32.Ke3 Nb3 33.Bb2 Rd8 34.Bc2 Na5 35.Bd3 Bg6 36.Be2 b5
37.h4 Nc4+ 38.Bxc4 bxc4 39.h5 Rd3+ 40.Ke2 Bh7 41.Bc1 Kc7 42.Rg2 Be4 43.Rh2 Bh7
44.Rh1 Be4 45.Rh4 Bf5 46.g6 fxg6 47.h6 Rd8 48.Bd2 Kd7 49.Bb4 Rh8 50.Ke3 Ke8
51.Kd4 Bd3 52.Kc5 Kf7 53.Kb6 Kg8 54.Rh3 Kh7 55.Kxa6 Rd8 56.Kb6 Rd4 57.Bd2 Bf5
58.Rh2 Rd3 59.Bb4

[Event "2. Bundesliga West 2009/20010"]
[Site "Salzburg"]
[Date "2010.03.14"]
[Round "11"]
[Board "6"]
[White "Kessler, Michaela"]
[Black "Vlasak, Reinhard"]
[Result "1-0"]
[WhiteElo "1913"]
[BlackElo "2149"]
[PlyCount "70"]
[EventDate "2009.10.23"]
[EventType "team"]
[EventRounds "11"]
[EventCountry "AUT"]
[WhiteTeam "Dornbirn"]
[BlackTeam "ASK Salzburg"]

1.e4 d6 2.d4 g6 3.Nc3 Bg7 4.Be3 c6 5.Qd2 b5 6.Bd3 Nf6 7.f3 a5 8.Nge2 b4 9.Nd1
Nbd7 10.Bh6 Bxh6 11.Qxh6 Qb6 12.Qd2 c5 13.c3 Ba6 14.Ne3 cxd4 15.cxd4 Rc8 16.O-O
O-O 17.Kh1 Rc7 18.g4 e6 19.Bxa6 Qxa6 20.Ng3 Qb5 21.f4 e5 22.Rad1 exf4 23.Rxf4
Qg5 24.Rdf1 d5 25.e5 Ne4 26.Nxe4 dxe4 27.Rxe4 Nb6 28.d5 Qh4 29.Qd4 Nd7 30.Ref4
Qg5 31.Nc4 Rfc8 32.Nd6 Rc2 33.Nxc8 Nxe5 34.Nd6 Qh4 35.Qg1 Nd3

[Event "2. Bundesliga West 2009/20010"]
[Site "Salzburg"]
[Date "2010.03.14"]
[Round "11"]
[Board "1"]
[White "Bromberger, Stefan"]
[Black "Gaertner, Guntram"]
[Result "1-0"]
[WhiteElo "2510"]
[BlackElo "2325"]
[PlyCount "83"]
[EventDate "2009.10.23"]
[EventType "team"]
[EventRounds "11"]
[EventCountry "AUT"]
[WhiteTeam "Wuestenrot Sbg SIR"]
[BlackTeam "Hohenems II"]

1.d4 d5 2.c4 c6 3.Nf3 Nf6 4.Nc3 e6 5.Bg5 dxc4 6.e4 b5 7.e5 h6 8.Bh4 g5 9.Nxg5
hxg5 10.Bxg5 Nbd7 11.g3 Nxe5 12.dxe5 Qxd1+ 13.Rxd1 Nd5 14.Ne4 Bb4+ 15.Ke2 a5
16.h4 Be7 17.Nf6+ Kf8 18.h5 c3 19.h6 cxb2 20.h7 Bxf6 21.Bxf6 Nxf6 22.exf6 Ba6
23.Ke3 Ke8 24.Bg2 Bb7 25.Be4 a4 26.Rh5 Rd8 27.Rxd8+ Kxd8 28.Rg5 c5 29.Bb1 Kc7
30.Rg7 Bd5 31.Rxf7+ Kd6 32.Rg7 e5 33.f7 Bxf7 34.Rxf7 b4 35.g4 c4 36.g5 b3
37.axb3 axb3 38.Kd2 Ke6 39.Rc7 Rd8+ 40.Kc3 Rd3+ 41.Bxd3 cxd3 42.h8=Q

[Event "2. Bundesliga West 2009/20010"]
[Site "Salzburg"]
[Date "2010.03.14"]
[Round "11"]
[Board "2"]
[White "Amann, Guenter"]
[Black "Pitl, Gregory"]
[Result "1/2-1/2"]
[WhiteElo "2293"]
[BlackElo "2405"]
[PlyCount "43"]
[EventDate "2009.10.23"]
[EventType "team"]
[EventRounds "11"]
[EventCountry "AUT"]
[WhiteTeam "Hohenems II"]
[BlackTeam "Wuestenrot Sbg SIR"]

1.d4 Nf6 2.c4 e6 3.Nf3 c5 4.d5 d6 5.Nc3 exd5 6.cxd5 g6 7.e4 Bg7 8.h3 O-O 9.Bd3
a6 10.a4 Qe7 11.O-O Nh5 12.Bg5 Bf6 13.Be3 Nd7 14.Qd2 Rb8 15.Rab1 Re8 16.b4 Qf8
17.bxc5 Nxc5 18.Bc2 Bd7 19.Rb6 Bd8 20.Rbb1 Bf6 21.Rb6 Bd8 22.Rbb1

[Event "2. Bundesliga West 2009/20010"]
[Site "Salzburg"]
[Date "2010.03.14"]
[Round "11"]
[Board "3"]
[White "Pitschka, Klaus"]
[Black "Burschowsky, Matthias"]
[Result "1-0"]
[WhiteElo "2235"]
[BlackElo "2214"]
[PlyCount "55"]
[EventDate "2009.10.23"]
[EventType "team"]
[EventRounds "11"]
[EventCountry "AUT"]
[WhiteTeam "Wuestenrot Sbg SIR"]
[BlackTeam "Hohenems II"]

1.e4 c5 2.Nf3 Nc6 3.c3 d5 4.exd5 Qxd5 5.d4 Bg4 6.Be2 e6 7.h3 Bh5 8.c4 Qd6 9.d5
Ne5 10.Nxe5 Qxe5 11.Qa4+ Kd8 12.g4 Bg6 13.Nc3 Nf6 14.dxe6 fxe6 15.Be3 Be8
16.O-O-O+ Ke7 17.Qc2 Bc6 18.Rhe1 Kf7 19.g5 Nd7 20.Bg4 Re8 21.f4 Qc7 22.f5 e5
23.Bh5+ Ke7 24.Nd5+ Bxd5 25.Rxd5 g6 26.fxg6 Kd8 27.Red1 Re7 28.Bg4

[Event "2. Bundesliga West 2009/20010"]
[Site "Salzburg"]
[Date "2010.03.14"]
[Round "11"]
[Board "4"]
[White "Sandholzer, Robert"]
[Black "Azad, Razik"]
[Result "0-1"]
[WhiteElo "2104"]
[BlackElo "2091"]
[PlyCount "64"]
[EventDate "2009.10.23"]
[EventType "team"]
[EventRounds "11"]
[EventCountry "AUT"]
[WhiteTeam "Hohenems II"]
[BlackTeam "Wuestenrot Sbg SIR"]

1.e4 c5 2.Nf3 d6 3.Bb5+ Nd7 4.d4 Ngf6 5.Nc3 a6 6.Bc4 cxd4 7.Qxd4 b5 8.Bb3 e6
9.O-O Be7 10.Bg5 O-O 11.Rad1 Bb7 12.Rfe1 Qc7 13.Bh4 Rfd8 14.Bg3 Nc5 15.Nd2 Nh5
16.Qe3 Nxg3 17.Qxg3 Bf6 18.f4 Rac8 19.e5 dxe5 20.fxe5 b4 21.Nc4 bxc3 22.exf6
Qxg3 23.hxg3 gxf6 24.Nd6 Rc6 25.Nxb7 Nxb7 26.Rxd8+ Nxd8 27.bxc3 Rxc3 28.Rd1 Nb7
29.Kf2 Nc5 30.Rd8+ Kg7 31.Ra8 f5 32.Ra7 Kf6

[Event "2. Bundesliga West 2009/20010"]
[Site "Salzburg"]
[Date "2010.03.14"]
[Round "11"]
[Board "5"]
[White "Durakovic, Alman"]
[Black "Levy, Pascal"]
[Result "1-0"]
[WhiteElo "2176"]
[BlackElo "2071"]
[PlyCount "81"]
[EventDate "2009.10.23"]
[EventType "team"]
[EventRounds "11"]
[EventCountry "AUT"]
[WhiteTeam "Wuestenrot Sbg SIR"]
[BlackTeam "Hohenems II"]

1.d4 d5 2.c4 e6 3.Nc3 Nf6 4.Bg5 c6 5.cxd5 exd5 6.e3 Be7 7.Qc2 Bg4 8.Bd3 Nbd7
9.Nge2 Bxe2 10.Qxe2 h6 11.Bf4 Nf8 12.O-O Bd6 13.Rfe1 Ne6 14.Be5 Qc7 15.Bxf6
Bxh2+ 16.Kh1 gxf6 17.g3 Bxg3 18.fxg3 Qxg3 19.Qg2 Qxg2+ 20.Kxg2 Ke7 21.Rh1 h5
22.Rh2 Rag8+ 23.Kf2 Rg5 24.Rah1 Rhg8 25.Bf1 f5 26.Ne2 c5 27.Rxh5 cxd4 28.Nxd4
Nxd4 29.exd4 Rg4 30.R1h4 Rc8 31.Bd3 Rc1 32.Rxg4 fxg4 33.Rxd5 Rh1 34.Be4 Rd1
35.Ke2 Ra1 36.Ra5 Ke6 37.Bf5+ Kd6 38.Bxg4 Rg1 39.Bf3 Rb1 40.b3 b6 41.Rxa7